[Event "Irish Championships"]
[Site "Dublin"]
[Date "2010.07.03"]
[Round "1"]
[White "Keogh, Eamon"]
[Black "Griffiths, Ryan-Rhys"]
[WhiteElo "2047"]
[BlackElo "2249"]
[Result "0-1"]
[PlyCount "52"]

1. f4 d6 2. d4 Bg4 3. Qd3 e5 4. fxe5 dxe5 5. Qb5+ Nd7 6. dxe5 Bc5 7. Bf4 Ne7 8.
Nc3 c6 9. Qc4 Be6 10. Qd3 Qb6 11. O-O-O Ng6 12. e3 Nxf4 13. exf4 Bxg1 14. f5
Bd5 15. Nxd5 cxd5 16. e6 Be3+ 17. Kb1 fxe6 18. fxe6 Nf6 19. Re1 Bc5 20. e7 Bxe7
21. g4 Ne4 22. c4 Bf6 23. b3 O-O-O 24. Rc1 Kb8 25. g5 Bxg5 26. c5 Qa5 0-1

[Event "Irish Championships"]
[Site "Dublin"]
[Date "2010.07.03"]
[Round "1"]
[White "Duffy, Seamus"]
[Black "Redmond, John"]
[Result "1/2-1/2"]
[WhiteElo "1996"]
[BlackElo "2205"]
[PlyCount "99"]

1. e4 e6 2. d4 d5 3. Nc3 Bb4 4. e5 c5 5. a3 Bxc3+ 6. bxc3 Qa5 7. Bd2 Qa4 8. Nf3
b6 9. Qb1 Ba6 10. Qb3 Qc6 11. Bxa6 Nxa6 12. O-O c4 13. Qb2 Qa4 14. Rfb1 Ne7 15.
Qb5+ Qxb5 16. Rxb5 Nc6 17. Re1 O-O 18. Rbb1 Nc7 19. a4 Rfb8 20. Ra1 b5 21. axb5
Nxb5 22. Ra6 Rc8 23. Kf1 Rab8 24. Ng1 Rb7 25. Ne2 Nb8 26. Ra2 Rc6 27. Rea1 Rcb6
28. Ke1 Nc6 29. Kd1 f6 30. f4 Kf7 31. Be3 Nc7 32. Kc1 a6 33. Ng1 Ne7 34. g4 Rb8
35. Nf3 Nc6 36. f5 a5 37. Bf4 R8b7 38. Bg3 Ne8 39. fxe6+ Kxe6 40. h3 h6 41. Ra3
Rf7 42. Kd2 fxe5 43. Nxe5 Nxe5 44. Bxe5 Rf2+ 45. Kd1 Rf1+ 46. Kd2 Rxa1 47. Rxa1
Rb5 48. Re1 Nf6 49. Bxf6+ Kxf6 50. h4 1/2-1/2

[Event "Irish Championships"]
[Site "Dublin"]
[Date "2010.07.03"]
[Round "1"]
[White "Orr, Mark"]
[Black "Porter, Liam"]
[Result "1-0"]
[WhiteElo "2247"]
[BlackElo "1976"]
[PlyCount "107"]

1. d4 f5 2. g3 Nf6 3. Bg2 d6 4. Nf3 g6 5. O-O Bg7 6. c4 O-O 7. Nc3 Qe8 8. d5 e5
9. dxe6 Bxe6 10. Nd4 Nc6 11. Nxe6 Qxe6 12. Bd5 Nxd5 13. cxd5 Qd7 14. dxc6 bxc6
15. e3 g5 16. Ne2 Rf6 17. f4 g4 18. Bd2 Re6 19. Qc2 Re4 20. Rac1 c5 21. b4 Rb8
22. bxc5 Rb2 23. Qd3 Rxa2 24. cxd6 Qxd6 25. Qb3+ Qe6 26. Qxe6+ Rxe6 27. Rfd1
Rd6 28. Nd4 Bxd4 29. exd4 Rxd4 30. Be3 Re4 31. Rxc7 Re8 32. Rxa7 Rxa7 33. Bxa7
Kf7 34. Rd7+ Kg6 35. Kf2 h5 36. Rd6+ Kh7 37. Rf6 Ra8 38. Rxf5 Rxa7 39. Rxh5+
Kg6 40. Rg5+ Kf6 41. Rxg4 Ra2+ 42. Kf3 Rxh2 43. Rh4 Ra2 44. Rh6+ Kf7 45. Kg4
Ra3 46. Rb6 Ra4 47. Kg5 Ra1 48. f5 Rf1 49. Rb7+ Ke8 50. g4 Kf8 51. Kf6 Kg8 52.
g5 Ra1 53. Rb8+ Kh7 54. g6+ 1-0

[Event "Irish Championships"]
[Site "Dublin"]
[Date "2010.07.03"]
[Round "1"]
[White "Boyle, Bernard"]
[Black "Fox, Anthony"]
[Result "0-1"]
[WhiteElo "1943"]
[BlackElo "2129"]
[PlyCount "124"]

1. d4 d5 2. Bf4 Nf6 3. e3 c5 4. c3 Qb6 5. Na3 e6 6. Nb5 Na6 7. a4 Be7 8. Nf3
O-O 9. Bd3 c4 10. Bc2 Bd7 11. Qb1 Bxb5 12. axb5 Qxb5 13. Ng5 h6 14. h4 Qb6 15.
Rh3 Rac8 16. Be5 Ne4 17. Nxe4 dxe4 18. Bxe4 f6 19. Bh7+ Kh8 20. Bf4 f5 21. Bg6
Bd6 22. h5 Bxf4 23. exf4 Nc7 24. Qa2 Nd5 25. g3 a6 26. Kd2 Nf6 27. f3 Qc6 28.
Rf1 Nd5 29. Rh2 Qd6 30. Re2 b5 31. Rfe1 Rf6 32. Re5 Ne7 33. Qa3 Qxa3 34. bxa3
Nxg6 35. hxg6 Rxg6 36. Rxe6 Rxg3 37. Ke3 Rg2 38. Re2 Rg1 39. Rxa6 Rd1 40. Rc2
Re8+ 41. Kf2 Rd3 42. Rb6 Ree3 43. Rxb5 Rxf3+ 44. Kg2 Rxf4 45. a4 Rg4+ 46. Kf2
Rh4 47. Rbb2 f4 48. a5 Rg3 49. a6 Rg6 50. a7 Ra6 51. Rb8+ Kh7 52. Kf3 Rxa7 53.
Rc8 Re7 54. Rxc4 g5 55. Rg2 Re3+ 56. Kf2 Rhh3 57. Rc7+ Kg6 58. c4 Rd3 59. d5 f3
60. Rc6+ Kf5 61. Rg1 Rd2+ 62. Kf1 f2 0-1

[Event "Irish Championships"]
[Site "Dublin"]
[Date "2010.07.03"]
[Round "1"]
[White "Cafolla, Peter"]
[Black "Brady, Stephen"]
[Result "0-1"]
[WhiteElo "2090"]
[BlackElo "2376"]
[PlyCount "92"]

1. e4 e5 2. Nf3 d6 3. d4 Nf6 4. Nc3 Nbd7 5. dxe5 dxe5 6. Bc4 Bc5 7. O-O O-O 8.
Qe2 c6 9. a4 Qc7 10. h3 h6 11. Nh4 Re8 12. Nf5 Nf8 13. Be3 Bb4 14. Qf3 Be6 15.
Bxe6 Rxe6 16. Ne2 Ba5 17. Rad1 Bb6 18. Bc1 Rd8 19. h4 Rxd1 20. Rxd1 h5 21. Neg3
g6 22. Ne3 Rd6 23. Rxd6 Qxd6 24. Nc4 Qe6 25. Nxb6 axb6 26. b3 N8d7 27. Qe2 Qd6
28. Bb2 Nc5 29. f4 Ng4 30. f5 Qf6 31. fxg6 fxg6 32. Qf3 Qxh4 33. b4 Ne6 34. Nf1
Qe1 35. Bc3 Qc1 36. Bxe5 Qxc2 37. Ba1 Qc4 38. Qc3 Qxc3 39. Bxc3 Nf4 40. Bd2
Ne2+ 41. Kh1 Nf2+ 42. Kh2 Nxe4 43. Be3 N2c3 44. Nd2 Nxd2 45. Bxd2 Nxa4 46. Kg3
Kf7 0-1

[Event "Irish Championships"]
[Site "Dublin"]
[Date "2010.07.03"]
[Round "1"]
[White "O'Connell, Gerry"]
[Black "Loughran, John"]
[Result "1-0"]
[WhiteElo "2136"]
[BlackElo "1928"]
[PlyCount "105"]

1. d4 d5 2. Nf3 Bf5 3. g3 e6 4. Bg2 c5 5. c3 Nc6 6. O-O Qb6 7. dxc5 Bxc5 8. b4
Be7 9. Be3 Qd8 10. b5 Na5 11. Nbd2 Nf6 12. Bd4 O-O 13. Ne5 Nd7 14. Nxd7 Qxd7
15. Qa4 Qc7 16. f4 Rac8 17. Rac1 Nc4 18. Nxc4 Qxc4 19. Qxc4 Rxc4 20. Bxa7 Ra8
21. Bd4 Rxa2 22. Ra1 Rca4 23. Rxa2 Rxa2 24. b6 Bc2 25. f5 g6 26. fxe6 fxe6 27.
Re1 Ra5 28. e4 dxe4 29. Bxe4 Bxe4 30. Rxe4 Kf7 31. Kg2 Bd6 32. h4 h5 33. Bf2
Ra2 34. Rc4 Ke7 35. Kf3 Kd7 36. Be3 Ra5 37. g4 hxg4+ 38. Kxg4 Rf5 39. Ra4 Bb8
40. Ra8 Kc8 41. Bg1 Rh5 42. Bh2 e5 43. Bg1 Rh8 44. Bc5 Kd7 45. Kg5 e4 46. Kxg6
Be5 47. Rxh8 Bxh8 48. c4 Ke6 49. Be3 Bf6 50. h5 Bh8 51. h6 Bc3 52. h7 Bb2 53.
Bh6 1-0

[Event "Irish Championships"]
[Site "Dublin"]
[Date "2010.07.04"]
[Round "2"]
[White "Griffiths, Ryan-Rhys"]
[Black "O'Connell, Gerry"]
[Result "1-0"]
[WhiteElo "2249"]
[BlackElo "2136"]
[PlyCount "81"]

1. c4 Nf6 2. g3 g6 3. Bg2 d5 4. cxd5 Nxd5 5. Nc3 Nxc3 6. bxc3 Bg7 7. Rb1 c6 8.
Nf3 Nd7 9. O-O O-O 10. c4 Qa5 11. Qc2 Nc5 12. d3 Rd8 13. Bd2 Qa4 14. Rfc1 Qxc2
15. Rxc2 e5 16. Bb4 Ne6 17. Be7 Rd7 18. Ba3 f5 19. Bb2 Nd4 20. Nxd4 exd4 21. c5
Re7 22. Bc1 Kf7 23. a4 Be5 24. Kf1 Kg7 25. a5 a6 26. Rb4 Be6 27. Rcb2 Bc8 28.
Rb1 h6 29. Bb2 Kh7 30. Bxd4 Bc7 31. Ra1 f4 32. gxf4 Bxf4 33. Bf6 Be5 34. Bxe7
Bxa1 35. Bd6 Bc3 36. Re4 Bf5 37. Re7+ Kg8 38. Rxb7 Rc8 39. Rb6 Bxa5 40. Rxa6
Bc3 41. Bxc6 1-0

[Event "Irish Championships"]
[Site "Dublin"]
[Date "2010.07.04"]
[Round "2"]
[White "Butler, Kevin"]
[Black "Duffy, Seamus"]
[Result "0-1"]
[WhiteElo "2054"]
[BlackElo "1996"]
[PlyCount "80"]

1. e4 e5 2. Nf3 d6 3. d4 exd4 4. Nxd4 Nf6 5. Nc3 Be7 6. Bc4 O-O 7. O-O Nxe4 8.
Nxe4 d5 9. Bd3 dxe4 10. Bxe4 Re8 11. Bf3 Bf6 12. Be3 Nd7 13. c3 Ne5 14. Be2 Bd7
15. Kh1 Nc6 16. Nf3 Qe7 17. Qc2 a6 18. Rad1 Be6 19. b3 Red8 20. h3 h6 21. Rd2
Rxd2 22. Qxd2 Rd8 23. Qc2 Bd5 24. Rd1 Be4 25. Rxd8+ Nxd8 26. Qd2 Ne6 27. b4 c6
28. Ne1 Be5 29. f3 Bg6 30. Nd3 Bc7 31. Nf2 Qh4 32. Ng4 h5 33. Bf2 Qe7 34. Ne3
Nf4 35. Bf1 Qf6 36. Nc4 Nd5 37. Bd4 Qh4 38. Ne5 Qg3 39. Kg1 Bxe5 40. Bxe5 Qxe5
0-1

[Event "Irish Championships"]
[Site "Dublin"]
[Date "2010.07.04"]
[Round "2"]
[White "Fox, Anthony"]
[Black "Rodriguez Lopez, Rafael"]
[Result "0-1"]
[WhiteElo "2129"]
[BlackElo "2312"]
[PlyCount "96"]

1. e4 c5 2. Nc3 d6 3. g3 Nc6 4. Bg2 g6 5. d3 Bg7 6. Be3 Nf6 7. h3 O-O 8. Nge2
Nd7 9. O-O Nd4 10. f4 Rb8 11. Qd2 b5 12. Nd1 b4 13. g4 a5 14. Ng3 a4 15. c3
bxc3 16. bxc3 Nb5 17. Rc1 Bb7 18. f5 Ne5 19. c4 Nd4 20. Nc3 Bc6 21. Bxd4 cxd4
22. Nd5 a3 23. Rb1 Rxb1 24. Rxb1 e6 25. g5 exd5 26. exd5 Bd7 27. f6 Bxf6 28.
gxf6 Qxf6 29. Rf1 Qe7 30. Qf4 Nxd3 31. Qxd4 Nc5 32. Qc3 Re8 33. Qxa3 h5 34. Qf3
h4 35. Ne2 Bf5 36. Nf4 Qe3+ 37. Qxe3 Rxe3 38. Rf3 Rxf3 39. Bxf3 g5 40. Ng2 Bxh3
41. Ne3 Kg7 42. Bd1 Bd7 43. Bc2 Kf6 44. Kg2 Ke5 45. Kf3 f5 46. Kf2 f4 47. Ng2
h3 48. Ne1 g4 0-1

[Event "Irish Championships"]
[Site "Dublin"]
[Date "2010.07.04"]
[Round "2"]
[White "Delaney, Killian"]
[Black "Cafolla, Peter"]
[Result "0-1"]
[WhiteElo "2034"]
[BlackElo "2090"]
[PlyCount "68"]

1. e4 e5 2. Nf3 Nc6 3. Bc4 Be7 4. d4 d6 5. dxe5 dxe5 6. Qe2 Bg4 7. Bb5 Qd6 8.
Bxc6+ bxc6 9. Nbd2 f6 10. h3 Bh5 11. g4 Bf7 12. Nh4 g6 13. Ndf3 Qb4+ 14. c3 Qc4
15. Qc2 Rd8 16. Be3 Bc5 17. b3 Qb5 18. a4 Qb6 19. a5 Qb5 20. c4 Bb4+ 21. Ke2
Qa6 22. g5 Be7 23. Qc3 h6 24. gxh6 Nxh6 25. Rhd1 Rxd1 26. Rxd1 g5 27. Nxg5 fxg5
28. Qxe5 Bh5+ 29. f3 Nf7 30. Qf5 gxh4 31. Rd7 c5 32. Rxe7+ Kxe7 33. Bxc5+ Kd8
34. Qd5+ Ke8 0-1

[Event "Irish Championships"]
[Site "Dublin"]
[Date "2010.07.04"]
[Round "2"]
[White "Brady, Stephen"]
[Black "Orr, Mark"]
[Result "0-1"]
[WhiteElo "2376"]
[BlackElo "2247"]
[Annotator "Brady, Stephen"]
[PlyCount "122"]

1. Nf3 d5 2. g3 c6 3. Bg2 Bg4 4. O-O Nf6 5. c4 e6 6. Qb3 Qb6 7. Qc2 Nbd7 8. d3
Be7 9. cxd5 exd5 10. Nc3 O-O 11. h3 Bxf3 12. Bxf3 d4 13. Ne4 Nxe4 14. Bxe4 Nf6
15. Bf3 Qd8 16. Qc4 Qd7 17. Kh2 c5 18. Bd2 Rac8 19. a4 h6 20. Rfc1 Bd6 21. Kg2
b6 22. Rc2 (22. b4 cxb4 23. Qxd4 Qe6 24. Rab1 Bc5 25. Qc4 a5 26. d4 Be7 27.
Qxe6 fxe6 28. e4 $13) 22... a5 23. Qa6 Rb8 24. Rc4 Rfc8 25. Rac1 Rc7 26. e3 Be5
(26... dxe3 27. Bxe3 Be5 28. d4 Bxd4 (28... cxd4 29. Rxc7 Bxc7 30. Bxd4 Qxd4
31. Rxc7 Qxb2 32. Qa7 Rf8 33. Rb7 $11) 29. Bxd4 Ra7 30. Qb5 Qxb5 31. axb5 cxd4
32. Rxd4 Rd7 33. Rxd7 Nxd7 34. Rc7 Ne5 35. Be4 Rd8 36. Rb7 Nc4 37. Bb1 $14) 27.
exd4 Bxd4 28. Rxd4 Qxd4 (28... cxd4 29. Rxc7 Qxc7 30. Bf4 Qd8 31. Bb7 Nd7 32.
Bxb8 Qxb8 33. Bd5 Nf6 34. Bc4) 29. Bf4 Rcc8 30. Qa7 Qd8 31. Bxb8 Rxb8 32. d4
Nd7 33. dxc5 Nxc5 34. Rd1 Qf8 35. Bd5 Kh8 36. b3 f5 37. Qc7 Ne4 38. Re1 Qd6 39.
Qxd6 Nxd6 40. Re6 Rd8 41. Kf3 $2 Nf7 42. Re8+ Rxe8 43. Bxf7 Re5 $2 (43... Rf8)
(43... Re4) 44. Kf4 Rc5 45. h4 Rc7 46. Bg6 Rc3 47. Bf7 g6 48. Bxg6 Rxb3 49. Be8
(49. Bxf5 Rb4+ 50. Ke5 Rxa4 51. Kf6 b5 52. g4 b4 53. g5 hxg5 54. hxg5 b3 55. g6
Rf4 $19) 49... Kg7 50. Kxf5 Rf3+ 51. Ke6 Rxf2 52. Kd6 Rc2 53. Bc6 Kf6 54. Kc7 (
54. g4 Rb2 55. Be8 Rb4 56. Kc7 Ke7 57. Bc6 Ke6 58. g5 h5 59. Be8 Ke7 60. Bc6 {
Worth looking at in more detail.  I think this might be a draw, because the
black king can't commit too far to the kingside without allowing white to play
Kb7-a6 followed by Bb5.}) 54... Rb2 55. Kb7 Ke5 56. g4 Kd6 57. g5 hxg5 58. hxg5
Kc5 59. g6 Re2 60. Bb5 Re6 61. Bd3 b5 0-1

[Event "Irish Championships"]
[Site "Dublin"]
[Date "2010.07.05"]
[Round "3"]
[White "Rodriguez Lopez, Rafael"]
[Black "Griffiths, Ryan-Rhys"]
[Result "0-1"]
[WhiteElo "2312"]
[BlackElo "2249"]
[PlyCount "82"]

1. e4 c5 2. Nf3 d6 3. d4 cxd4 4. Nxd4 Nf6 5. Nc3 a6 6. Be3 e6 7. Qd2 b5 8. f3
Nbd7 9. g4 h6 10. O-O-O b4 11. Nce2 Qc7 12. Kb1 d5 13. exd5 Nxd5 14. Nf4 N7f6
15. Bd3 Bc5 16. Nxd5 Nxd5 17. Be4 Bb7 18. Rhe1 O-O-O 19. Qe2 Qb6 20. Bg1 Kb8
21. Qc4 Rc8 22. Qb3 Rhd8 23. Ne2 Bxg1 24. Nxg1 Rc3 25. Bxd5 Rxb3 26. Bxb3 Rxd1+
27. Rxd1 Qf2 28. a3 bxa3 29. bxa3 Bd5 30. Bxd5 exd5 31. h3 g5 32. Kb2 Kc7 33.
Kb3 Kc6 34. c3 Kc5 35. a4 a5 36. Rb1 Qd2 37. Ra1 d4 38. cxd4+ Kxd4 39. Rc1 Kd3
40. Ra1 Qc2+ 41. Ka3 Kc4 0-1

[Event "Irish Championships"]
[Site "Dublin"]
[Date "2010.07.05"]
[Round "3"]
[White "Loughran, John"]
[Black "O'Rourke, Ray"]
[Result "1/2-1/2"]
[WhiteElo "1928"]
[BlackElo "2066"]
[PlyCount "89"]

1. e4 c5 2. Nf3 e6 3. d4 cxd4 4. Nxd4 Nc6 5. Nc3 a6 6. Be3 Bb4 7. Bd3 Qf6 8.
Nde2 Nge7 9. O-O d6 10. f4 Bxc3 11. Nxc3 O-O 12. Qf3 Ng6 13. Rad1 Qe7 14. Qg3
Qh4 15. Rf3 Qxg3 16. Rxg3 b5 17. f5 exf5 18. exf5 Nge5 19. Bh6 g6 20. fxg6 hxg6
21. Bxf8 Kxf8 22. Be4 b4 23. Na4 Ke7 24. Nb6 Rb8 25. Nxc8+ Rxc8 26. c3 a5 27.
cxb4 axb4 28. Rc1 Kd7 29. Bd5 Ra8 30. Re3 Ra5 31. Bxc6+ Nxc6 32. a3 bxa3 33.
bxa3 d5 34. Rf1 f5 35. Rff3 d4 36. Rb3 Ne5 37. Rf4 Rd5 38. Rb1 d3 39. h3 d2 40.
Rd1 Nd3 41. Rf2 Nxf2 42. Kxf2 Rd3 43. a4 Ke6 44. Ke2 Ra3 45. Rxd2 1/2-1/2

[Event "Irish Championships"]
[Site "Dublin"]
[Date "2010.07.05"]
[Round "3"]
[White "Quinn, Ciaran"]
[Black "Wallace, Paul"]
[Result "1/2-1/2"]
[WhiteElo "2104"]
[BlackElo "2242"]
[PlyCount "101"]

1. d4 Nf6 2. c4 g6 3. Nf3 Bg7 4. Bf4 O-O 5. h3 c5 6. e3 cxd4 7. exd4 d5 8. c5
b6 9. Nbd2 bxc5 10. dxc5 Qa5 11. Rc1 Nc6 12. Ne5 Nd4 13. Bd3 Nd7 14. Nxd7 Bxd7
15. O-O Qxa2 16. Re1 Nc6 17. Bb5 {Nc4 better according to Fritz} Qxb2 18. Bxc6
Bxc6 19. Rxe7 Rfe8 20. Rc7 Ba4 21. Qf1 Bb5 22. Qd1 Ba4 23. Qf1 Qf6 24. g3 a5
25. Qd3 Qe6 26. Nf3 Qe4 27. Qa3 Qb4 28. Qd3 Bb3 29. Ng5 Re1+ 30. Kh2 Rxc1 31.
Bxc1 d4 32. Nxf7 Bxf7 33. Rxf7 Qxc5 34. Qb3 Kh8 35. Rxg7 Kxg7 36. Qb7+ Kf6 37.
Qxa8 Qxc1 38. Qxa5 Qc4 39. Qd8+ Kf7 40. Qd7+ Kg8 41. Qe8+ Kg7 42. Qe7+ Kg8 43.
Qe8+ Kg7 44. Qe7+ Qf7 45. Qxf7+ Kxf7 46. Kg2 Ke6 47. Kf3 Kd5 48. Ke2 h5 49. Kd3
g5 50. f3 Ke5 51. f4+ 1/2-1/2

[Event "Irish Championships"]
[Site "Dublin"]
[Date "2010.07.05"]
[Round "3"]
[White "Duffy, Seamus"]
[Black "Brady, Stephen"]
[Result "0-1"]
[WhiteElo "1996"]
[BlackElo "2375"]
[Annotator "Brady, Stephen"]
[PlyCount "72"]

1. e4 c5 2. a3 e5 3. Nc3 Nf6 4. f4 Nc6 5. Nf3 exf4 6. d4 cxd4 7. Nxd4 Bc5 8.
Nxc6 bxc6 9. Bxf4 O-O 10. e5 Qb6 11. Bd3 (11. exf6 Bf2+ 12. Ke2 d5 (12... Re8+
13. Kf3 Re3+ 14. Kxf2 Rd3+ 15. Ke1 Rxd1+ 16. Rxd1 Qxb2 17. Kd2 Qxa3 $14)) (11.
Na4 Qa5+ 12. c3 Nd5 13. b4 Qd8 $11) 11... Re8 12. Kf1 Qxb2 13. Bd2 Nd5 14. Qe1
Qb8 15. Qh4 g6 16. Re1 Rxe5 17. Nxd5 cxd5 18. Qd8+ Kg7 19. Qh4 Rxe1+ 20. Qxe1
Qd6 21. g3 Bb7 22. Bf4 Qe6 23. Qc3+ d4 24. Qxc5 Bxh1 25. Qxd4+ f6 26. Bc4 d5
27. Be2 Qe4 28. Qf2 Qxc2 29. Qe3 Qb1+ 30. Kf2 Qe4 31. Bh6+ Kg8 32. Qc5 Re8 33.
Qb5 g5 34. Qa6 Qe3+ 35. Kf1 Bg2+ 36. Ke1 Bf3 0-1

[Event "Irish Championships"]
[Site "Dublin"]
[Date "2010.07.05"]
[Round "3"]
[White "Keogh, Eamon"]
[Black "Fox, Anthony"]
[Result "0-1"]
[WhiteElo "2047"]
[BlackElo "2129"]
[PlyCount "102"]

1. f4 d5 2. e3 g6 3. Nf3 Bg7 4. c4 c6 5. Nc3 Nf6 6. d4 O-O 7. Bd3 Bg4 8. O-O e6
9. Qe1 Bf5 10. Be2 Nbd7 11. Ne5 h5 12. h3 Nxe5 13. fxe5 Ne4 14. Nxe4 Bxe4 15.
Bd2 f6 16. Bb4 Rf7 17. Qg3 fxe5 18. Rxf7 Kxf7 19. dxe5 Kg8 20. Rf1 Qb6 21. Ba3
c5 22. Qg5 Rf8 23. cxd5 Rxf1+ 24. Kxf1 exd5 25. Qe7 Bf8 26. Qe8 Qc6 27. Qd8 b6
28. b4 Kf7 29. bxc5 Bxc5 30. Bxc5 bxc5 31. Qh8 a5 32. Qh7+ Kf8 33. Qh8+ Kf7 34.
g4 hxg4 35. Bxg4 Qb5+ 36. Be2 Qc6 37. Bg4 Qb5+ 38. Kf2 Qb2+ 39. Be2 Qb6 40. Kg3
c4 41. Qh7+ Kf8 42. Qh6+ Ke8 43. Bg4 Qc5 44. Bd1 c3 45. Ba4+ Kd8 46. Qh8+ Kc7
47. Qg7+ Kb8 48. Qg8+ Qc8 49. Qg7 c2 50. Bd7 Qc7 51. Qf8+ Ka7 0-1

[Event "Irish Championships"]
[Site "Dublin"]
[Date "2010.07.05"]
[Round "3"]
[White "Cafolla, Peter"]
[Black "Redmond, John"]
[Result "0-1"]
[WhiteElo "2090"]
[BlackElo "2205"]
[PlyCount "190"]

1. d4 e6 2. c4 f5 3. Nc3 Bb4 4. Nf3 Nf6 5. Bg5 O-O 6. Qb3 a5 7. a3 a4 8. Qc2
Bxc3+ 9. bxc3 b6 10. e3 Bb7 11. Nd2 Qe8 12. f3 Qg6 13. Bh4 Nc6 14. Rg1 Qh6 15.
Bf2 Na5 16. h3 Nb3 17. Nxb3 axb3 18. Qxb3 Bc6 19. Bd3 Ba4 20. Qb2 d5 21. Qd2
Bc6 22. Bg3 Ra7 23. Be5 Nd7 24. Bg3 Qg5 25. Qf2 Qe7 26. Qb2 e5 27. cxd5 Bxd5
28. Bxe5 Nxe5 29. dxe5 Qxe5 30. Kf2 Qe7 31. Qb4 c5 32. Qb2 Qh4+ 33. g3 Qh6 34.
Qe2 Qf6 35. Bc4 Qe6 36. Bxd5 Qxd5 37. Rgd1 Qb3 38. Qa2 c4 39. Qxb3 cxb3 40.
Rdb1 Rd8 41. Rxb3 Rd2+ 42. Ke1 Rh2 43. Rab1 Rxh3 44. Kf2 Rh2+ 45. Kg1 Re2 46.
c4 Rc2 47. Rxb6 Rxa3 48. R6b3 Raa2 49. e4 fxe4 50. fxe4 h6 51. Re1 Rxc4 52. e5
Rcc2 53. Rb8+ Kh7 54. Rf8 Rg2+ 55. Kf1 Rh2 56. Kg1 Rag2+ 57. Kf1 Rb2 58. Kg1
Rbg2+ 59. Kf1 Rxg3 60. Re4 Ra3 61. Kg1 Raa2 62. e6 Rhe2 63. Rxe2 Rxe2 64. Re8
Kg6 65. Kf1 Re5 66. Re7 Rf5+ 67. Kg2 Rg5+ 68. Kh3 Kf6 69. Re8 Re5 70. Rf8+ Kxe6
71. Kg4 Rg5+ 72. Kf4 Rg6 73. Re8+ Kf7 74. Ra8 Rg5 75. Ra6 Rg1 76. Ra5 Kg6 77.
Rb5 Rf1+ 78. Kg4 Rf6 79. Ra5 Rb6 80. Ra4 h5+ 81. Kh4 Kh6 82. Ra3 g5+ 83. Kh3 h4
84. Kg4 Rb4+ 85. Kh3 Kh5 86. Ra5 Rb3+ 87. Kh2 Re3 88. Ra4 Re5 89. Rb4 g4 90.
Rb8 Re2+ 91. Kh1 Kg5 92. Rf8 h3 93. Kg1 Kh4 94. Rf1 g3 95. Ra1 h2+ 0-1

[Event "Irish Championships"]
[Site "Dublin"]
[Date "2010.07.05"]
[Round "3"]
[White "Orr, Mark"]
[Black "Daly, Colm"]
[Result "1-0"]
[WhiteElo "2247"]
[BlackElo "2322"]
[PlyCount "137"]

1. d4 Nf6 2. Nf3 e6 3. Bg5 c5 4. e3 cxd4 5. exd4 b6 6. Bd3 Bb7 7. O-O Be7 8.
Nbd2 d6 9. Re1 O-O 10. c3 Nbd7 11. Bf1 Re8 12. g3 Qc7 13. Bg2 Rad8 14. Nf1 e5
15. Ne3 h6 16. Bxf6 Nxf6 17. Rc1 Bf8 18. Nh4 e4 19. Bf1 d5 20. f4 a6 21. Ng4
Nxg4 22. Qxg4 b5 23. a3 Bc8 24. Qe2 g5 25. Ng2 f5 26. Qe3 Qg7 27. Be2 Bd6 28.
Rf1 Re7 29. Rf2 Rc7 30. Rcf1 g4 31. Qd2 h5 32. Ne3 Be6 33. Qd1 Qd7 34. Qb3 Qc6
35. h3 Rh7 36. hxg4 hxg4 37. Rh2 Rxh2 38. Kxh2 Rd7 39. Kg2 Rh7 40. Qd1 Qc7 41.
Rh1 Bxf4 42. gxf4 Qxf4 43. Rxh7 Kxh7 44. Qg1 Kg6 45. Qf2 Qh6 46. Kg3 Qh3+ 47.
Kf4 Kf6 48. Bf1 Qh1 49. Kg3 Kg5 50. Qf4+ Kh5 51. Kf2 Qf3+ 52. Qxf3 exf3 53. a4
f4 54. Nxg4 Kxg4 55. axb5 a5 56. b6 Bc8 57. Bb5 Bb7 58. Bd7+ Kg5 59. Kxf3 Kf6
60. Kxf4 Ke7 61. Bb5 Kd6 62. Kf5 Bc8+ 63. Kf6 Bb7 64. Kf7 Ba8 65. Ke8 Bc6+ 66.
Kd8 Bb7 67. Bd7 Bc6 68. Bc8 a4 69. b7 1-0

[Event "Irish Championships"]
[Site "Dublin"]
[Date "2010.07.06"]
[Round "4"]
[White "Griffiths, Ryan-Rhys"]
[Black "Orr, Mark"]
[Result "1/2-1/2"]
[WhiteElo "2249"]
[BlackElo "2247"]
[PlyCount "46"]

1. c4 Nf6 2. g3 c6 3. Bg2 d5 4. Nf3 Bg4 5. Ne5 Be6 6. cxd5 Bxd5 7. Nf3 Nbd7 8.
Nc3 e5 9. Nxd5 cxd5 10. d3 Bb4+ 11. Nd2 Bd6 12. O-O O-O 13. e4 dxe4 14. Nxe4
Nxe4 15. Bxe4 Nc5 16. Bd5 Qd7 17. d4 Ne6 18. dxe5 Bxe5 19. Re1 Bd4 20. Qb3 Nc5
21. Qc4 Rad8 22. Qxd4 Qxd5 23. Qxd5 Rxd5 1/2-1/2

[Event "Irish Championships"]
[Site "Dublin"]
[Date "2010.07.06"]
[Round "4"]
[White "Palmer, Bernard"]
[Black "Duffy, Seamus"]
[Result "1/2-1/2"]
[WhiteElo "2012"]
[BlackElo "1996"]
[PlyCount "29"]

1. c4 e5 2. Nc3 Nc6 3. g3 f5 4. Bg2 Nf6 5. d3 Bc5 6. e3 d6 7. Nge2 O-O 8. O-O
a5 9. d4 Bb6 10. dxe5 Nxe5 11. b3 c6 12. Ba3 Nf7 13. Qd2 Re8 14. Rad1 Bc7 15.
h3 1/2-1/2

[Event "Irish Championships"]
[Site "Dublin"]
[Date "2010.07.06"]
[Round "4"]
[White "Wallace, Paul"]
[Black "Cafolla, Peter"]
[Result "1/2-1/2"]
[WhiteElo "2242"]
[BlackElo "2090"]
[PlyCount "75"]

1. e4 e5 2. Nf3 Nc6 3. Bb5 a6 4. Ba4 Nf6 5. O-O Be7 6. Re1 b5 7. Bb3 d6 8. c3
O-O 9. h3 Nb8 10. d4 Nbd7 11. Nbd2 Bb7 12. Bc2 Re8 13. Nf1 Bf8 14. Ng3 g6 15.
b3 d5 16. Nxe5 Nxe5 17. dxe5 Nxe4 18. Nxe4 dxe4 19. Qxd8 Raxd8 20. Bg5 Rd5 21.
Bf4 Rc5 22. Re3 b4 23. c4 Bg7 24. Bxe4 Bxe4 25. Rxe4 f6 26. Rae1 fxe5 27. Bd2
Rb8 28. R1e2 Ra5 29. a4 Rc5 30. Bg5 Rc6 31. Rd2 Rd6 32. Ree2 Kf7 33. f3 Bf8 34.
Rxe5 Rxd2 35. Bxd2 Rd8 36. Rd5 Rxd5 37. cxd5 Kf6 38. Kf2 1/2-1/2

[Event "Irish Championships"]
[Site "Dublin"]
[Date "2010.07.06"]
[Round "4"]
[White "Fox, Anthony"]
[Black "Quinn, Ciaran"]
[Result "1/2-1/2"]
[WhiteElo "2129"]
[BlackElo "2104"]
[PlyCount "63"]

1. e4 e5 2. Nf3 Nc6 3. Bb5 a6 4. Ba4 Nf6 5. O-O Be7 6. Re1 b5 7. Bb3 d6 8. c3
O-O 9. h3 Na5 10. Bc2 c5 11. d4 Qc7 12. Nbd2 Bd7 13. Nf1 Nc4 14. b3 Nb6 15. Bg5
Rfe8 16. Ng3 g6 17. Qd2 Rad8 18. d5 Kh8 19. Nxe5 dxe5 20. d6 Qc6 21. dxe7 Rc8
22. Rad1 Ng8 23. Re2 f6 24. Be3 Rxe7 25. Qc1 Be6 26. Red2 Rd7 27. Rxd7 Nxd7 28.
Qd2 Ne7 29. Qd6 Qxd6 30. Rxd6 Rc6 31. Rd1 Kg7 32. f3 1/2-1/2

[Event "Irish Championships"]
[Site "Dublin"]
[Date "2010.07.06"]
[Round "4"]
[White "Butler, Kevin"]
[Black "Loughran, John"]
[Result "1-0"]
[WhiteElo "2054"]
[BlackElo "1928"]
[PlyCount "68"]

1. e4 c5 2. Nf3 e6 3. d4 cxd4 4. Nxd4 a6 5. Bd3 Nf6 6. O-O Qc7 7. Kh1 Bc5 8.
Nb3 Ba7 9. Bg5 Nc6 10. N1d2 b5 11. a4 b4 12. a5 Bb7 13. Qe2 Nd4 14. Nxd4 Bxd4
15. Nc4 Qc6 16. c3 bxc3 17. bxc3 Bc5 18. f3 O-O 19. Rab1 d5 20. Ne5 Qc7 21.
Bxf6 gxf6 22. Ng4 Be7 23. exd5 Bxd5 24. c4 Bb7 25. Qb2 Rab8 26. Nxf6+ Bxf6 27.
Qxf6 Qd8 28. Qc3 Qc7 29. Rb6 Rfc8 30. Rfb1 Qd7 31. c5 Rc7 32. Bxa6 Bxa6 33.
Rxb8+ Rc8 34. Rxc8+ Qxc8 1-0

[Event "Irish Championships"]
[Site "Dublin"]
[Date "2010.07.06"]
[Round "4"]
[White "Brady, Stephen"]
[Black "O'Connell, Gerry"]
[Result "1/2-1/2"]
[WhiteElo "2376"]
[BlackElo "2136"]
[Annotator "Brady, Stephen"]
[PlyCount "122"]

1. b3 e5 2. Bb2 d6 3. e3 g6 4. f4 Bg7 5. Nf3 Nf6 6. fxe5 Ng4 7. Bc4 d5 8. Be2
Nd7 9. O-O O-O 10. Nc3 Ndxe5 11. Nxe5 Nxe5 12. Qe1 Bg4 $2 13. d4 Bxe2 14. Qxe2
Nc6 15. Qb5 Qg5 16. Rae1 Ne7 17. Ba3 c6 18. Qxb7 Rae8 $18 19. Nd1 Nf5 20. Bxf8
Kxf8 21. Qxc6 Nxe3 22. Qd6+ $2 (22. Qc5+ $18) 22... Kg8 23. Qg3 $2 (23. Nxe3
Bxd4 24. c3 Bxe3+ 25. Kh1 $18) 23... Qxg3 (23... Bxd4 24. Nxe3) 24. hxg3 Bxd4
25. Nxe3 Bxe3+ 26. Kh1 d4 $14 27. Rf3 Re5 28. g4 Rg5 29. c4 (29. c3 Rxg4 30.
cxd4 Bxd4 31. Re8+ Kg7 32. Re7 Rh4+ 33. Rh3 Rxh3+ 34. gxh3) 29... Rxg4 30. c5
Rh4+ 31. Rh3 Re4 32. b4 f5 33. g3 d3 34. a3 d2 35. Rd1 Bg5 36. Kg2 Rc4 37. g4
$2 fxg4 $6 (37... Rc1 38. Rhh1 fxg4) 38. Rd3 h5 39. Rd5 Bf4 40. b5 $2 h4 (40...
Rc1 41. Rf1 g5 $19) 41. c6 $2 (41. b6 axb6 42. cxb6 h3+ 43. Kf2 Rc3 44. b7 g3+
45. Ke2 Re3+ 46. Kxd2 Re5+ 47. Kc2 Rxd5 48. Rxd5 g2 $19) 41... h3+ 42. Kf2 Rc3
$2 (42... g3+ 43. Kf3 g2 $19) 43. Ke2 g3 44. R5xd2 Bxd2 $2 (44... g2) 45. Kxd2
Rc5 46. Ke3 Rxb5 47. Rc1 Rb8 48. Kf3 g2 49. Kg3 Rc8 50. Kxh3 Rxc6 51. Rd1 Kf7 (
51... Rc3+ 52. Kxg2 Rxa3 53. Rd7) 52. Kxg2 Kf6 53. Rd4 Rc3 54. Ra4 Rc7 55. Ra5
Kg7 56. Kg3 Kh6 57. Kg4 Rc4+ 58. Kg3 Rc7 59. Kg4 Rd7 60. Kh4 Rd4+ 61. Kg3 Rd7
1/2-1/2